| 000 | 00537nam a2200193 u 4500 | ||
|---|---|---|---|
| 005 | 20240911064422.0 | ||
| 008 | 090814s2006 r 000 0 eng d | ||
| 020 | _a8430944788 | ||
| 035 | _aUPN01000171861 | ||
| 049 | _aCG | ||
| 050 | 4 |
_aJA71 _bI3.3 2006 |
|
| 245 | 0 | 0 |
_aIdeologías y movimientos políticos contemporáneos / _ced. Joan Antón Mellón. |
| 250 | _a2a ed. | ||
| 260 |
_aMadrid : _bTecnos, _c2006. |
||
| 300 | _a539 p. | ||
| 440 | 0 | _aBiblioteca universitaria | |
| 650 | 4 |
_aCiencias políticas _96023 |
|
| 905 | _aLibro | ||
| 999 |
_c143965 _d143965 |
||